Industry and export directory of the Malaysian Rubber products Manufacturer's Association 2008-2009.

Bibliographic Details
Format: Book
Published: Selangor: Malaysian Rubber Products Manufacturer's Association, 2008.
Subjects:
LEADER 00801cam a2200181 7i4500
001 0000021127
005 20080428090000.0
090 0 0 |a M 678.2025   |b IND 
245 0 0 |a Industry and export directory of the Malaysian Rubber products Manufacturer's Association 2008-2009. 
260 0 0 |a Selangor:   |b Malaysian Rubber Products Manufacturer's Association,   |c 2008. 
300 # # |a 125 p. 
650 0 0 |a Rubber industry and trade --   |x Directories --   |z Malaysia  
650 0 0 |a Rubber gloves --   |x Directories --   |z Malaysia  
650 0 0 |a Rubber products --   |x Directories --   |z Malaysia  
651 0 0 |a Malaysia  
999 |a TRG000015H  |b Directories  |c Malaysia  |e MATRADE Eastern Regional Office 
999 |a SRW000146H  |b Directories  |c Malaysia  |e MATRADE Sarawak 
999 |a PNG000740H  |b Directories  |c Malaysia  |e MATRADE Northern Regional Office